000
00337nam a22001457a 4500
008
240205b ||||| |||| 00| 0 eng d
020
_a
087488070
041
_a
eng
080
_2
1978
_a
616.12
082
_a
616.12
100
_a
12
101
_a
KARDIOLOGJI
245
_a
ARRHYTHMIAS CASE STUDIES
_c
LESTER B JACOBSON
942
_2
udc
_c
BK
999
_c
60574
_d
60574